Every College Football Team's Last Heisman Winner - Statistics

General Stats
  • This quiz has been taken 28 times
    3 since last reset
  • The average score is 27 of 40
Answer Stats
Team Position Year Player % Correct
Oklahoma State Running back 1988 Barry Sanders
100%
Alabama Quarterback 2021 Bryce Young
100%
USC Quarterback 2022 Caleb Williams
100%
Auburn Quarterback 2010 Cam Newton
100%
Michigan Cornerback 1997 Charles Woodson
100%
SMU Running back 1948 Doak Walker
100%
Boston College Quarterback 1984 Doug Flutie
100%
Indiana Quarterback 2025 Fernando Mendoza
100%
Georgia Running back 1982 Herschel Walker
100%
Florida State Quarterback 2013 Jameis Winston
100%
LSU Quarterback 2023 Jayden Daniels
100%
Texas A&M Quarterback 2012 Johnny Manziel
100%
Oklahoma Quarterback 2018 Kyler Murray
100%
Louisville Quarterback 2016 Lamar Jackson
100%
Oregon Quarterback 2014 Marcus Mariota
100%
Texas Running back 1998 Ricky Williams
100%
Baylor Quarterback 2011 Robert Griffin III
100%
Navy Quarterback 1963 Roger Staubach
100%
Florida Quarterback 2007 Tim Tebow
100%
Houston Quarterback 1989 Andre Ware
67%
Minnesota Running back 1941 Bruce Smith
67%
Syracuse Running back/Linebacker 1961 Ernie Davis
67%
Stanford Quarterback 1970 Jim Plunkett
67%
Notre Dame Wide receiver 1987 Tim Brown
67%
Pittsburgh Running back 1976 Tony Dorsett
67%
Colorado Wide receiver/Cornerback 2024 Travis Hunter
67%
Ohio State Quarterback 2006 Troy Smith
67%
Nebraska Quarterback/Wide receiver 2001 Eric Crouch
33%
UCLA Quarterback 1967 Gary Beban
33%
South Carolina Running back 1980 George Rogers
33%
Miami Quarterback 1992 Gino Torretta
33%
Chicago Running back 1935 Jay Berwanger
33%
Penn State Running back 1973 John Cappelletti
33%
Wisconsin Running back 1999 Ron Dayne
33%
BYU Quarterback 1990 Ty Detmer
33%
Yale Running back 1937 Clint Frank
0%
TCU Quarterback 1938 Davey O'Brien
0%
Princeton Running back 1951 Dick Kazmaier
0%
Iowa Quarterback/Running back 1939 Nile Kinnick
0%
Army Running back 1958 Pete Dawkins
0%
No matching quizzes found
Score Distribution
Percent of People with Each Score
Percentile by Number Answered
Your Score History
You have not taken this quiz since the last reset